=LDR 00000nam 2200000 4500 =001 INLIS000000000000293 =005 20150306081507.0 =006 =007 =008 Ind =035 ##$$0010-061300000000293 =041 ##$$a Ind =082 ##$$a 635.21 =090 ##$$a 635.21 Ruk k =100 ##$$a Rukmana, Rahmat =245 ##$$a Kentang, budidaya dan pascapanen / Rahmat Rukmana =260 ##$$a Yogyakarta $b Kanisius $c 1997 =300 ##$$a 107 hlm. : ilus. ; 21 cm =650 ##$$a Kentang =850 ##$$a NBPNMAT